[Event "36th European Club Cup 2021"]
[Site "Struga"]
[Date "2021.09.19"]
[Round "2.26"]
[White "Shirov, Alexei"]
[Black "Hera, Imre Jr."]
[Result "1-0"]
[WhiteElo "2652"]
[BlackElo "2582"]
[Annotator "TA"]
[PlyCount "101"]
[EventDate "2021.09.18"]
[EventType "team-tourn"]
[EventCountry "MKD"]
[SourceTitle "playchess.com"]
[Source "ChessBase"]
[SourceQuality "1"]

{[%evp 24,101,8,7,23,24,75,80,68,70,139,153,193,199,172,0,227,68,66,76,77,77,
155,72,72,70,70,0,54,27,56,3,78,75,66,74,75,75,118,80,201,187,168,106,92,90,92,
106,106,62,64,46,96,91,108,108,109,108,121,118,122,98,98,110,104,109,87,81,162,
154,153,153,2988,1105,12836,12836,12836,12834,1063,1067]} 1. d4 d5 2. c4 e6 3.
Nf3 Nf6 4. g3 Be7 5. Bg2 O-O 6. O-O c6 7. Qc2 b6 8. Ne5 Bb7 9. Nc3 Nbd7 10. e4
Nxe5 11. dxe5 Nxe4 12. Nxe4 dxe4 13. Bxe4 h6 {E09: Closed Catalan: Main Line:
7 Qc2 c6 8 Nbd2.} 14. Qe2 Qc7 (14... Qd7 $11 {keeps the balance.}) 15. Bc2 $16
c5 {White is better.} 16. Qd3 {[%csl Gc2][%cal Rd3h7]} f5 (16... g6 $14) 17.
exf6 $1 Rxf6 {Black wants to play ...Qc6.} 18. Qh7+ Kf7 {[#]} 19. Bf4 $146 (19.
Bd2 $1 $18) ({Predecessor:} 19. Bd1 Qe5 20. Bf4 Qf5 21. Qxf5 exf5 22. Bc2 g5
23. Be5 Re6 24. f4 gxf4 25. Rae1 {1/2-1/2 (25) Freisler,P (2326)-Prandstetter,
E (2365) Czech Republic 2003}) 19... Bd6 $2 ({Not} 19... Qc6 $2 20. f3 $18) (
19... Rxf4 $11 {and Black is okay.} 20. gxf4 Qxf4) 20. Bxd6 $2 (20. Bd1 $1 $18
{[%cal Rd1h5]} Rg8 21. Bxd6 Qxd6 22. Bh5+ Kf8 23. Rad1) 20... Qxd6 $14 21. Rad1
Qc6 {[%csl Gb7][%cal Rc6h1]} 22. f3 $1 Re8 (22... Qc7 $142) 23. Be4 ({White
should try} 23. Rf2) 23... Qc7 $16 24. Bxb7 Qxb7 25. Rd3 (25. Rd6 $14) 25...
Re7 (25... Rg6 $1 $11 26. Rfd1 Qc8) 26. Rfd1 Rf5 27. h4 (27. a4 $14) 27... Qb8
(27... b5 $11) 28. Kf2 Qe5 29. R1d2 Qe4 30. b3 $1 h5 31. Re3 Qb1 (31... Qg4 $16
) 32. Kg2 $1 $18 Qa1 33. Rde2 (33. f4 $1 $18) 33... Qf6 $16 34. Qh8 Qg6 35. Qc8
Rf6 36. Re5 Qd3 37. Qa8 Rf5 38. R5e3 {[%cal Be5e3,Be3d3,Bd3d6][%mdl 32]} Qd7
39. Qe4 Qc7 40. Rd3 Qb7 41. Qe3 Kg8 42. Rd6 Ref7 {[%cal Rf5f3]} 43. Rf2 ({
Much weaker is} 43. Rxe6 $6 Rxf3 44. Qe4 Qxe4 $11) ({Weaker is} 43. Qxe6 Qxf3+
44. Kh2 Qxe2+ $1 45. Qxe2 Rf2+ 46. Qxf2 Rxf2+ 47. Kh3 Rxa2 $17) 43... e5 44.
Rd5 Qe7 45. Qe4 g5 {[#]} (45... Rf8 $16 {keeps fighting.}) 46. hxg5 $1 $18 Qxg5
{[#]} 47. f4 $1 {[%cal Rf4g5]} exf4 {[#]} (47... Qg4 $16) 48. Rxf4 $3 {[%mdl
512] White is clearly winning.} Rg7 (48... Qe7 49. Qxe7) 49. Rdxf5 {[%csl Gf4]
[%cal Rf5f8]} Qxg3+ 50. Kf1 {[%csl Gf4][%cal Rf5f8]} Qg1+ 51. Ke2 {[%csl Gf4]
[%cal Rf5f8] Weighted Error Value: White=0.18/Black=0.39} 1-0

[Event "36th European Club Cup 2021"]
[Site "Struga"]
[Date "2021.09.19"]
[Round "2.27"]
[White "Roeder, Matthias"]
[Black "Abasov, Nijat"]
[Result "1/2-1/2"]
[WhiteElo "2372"]
[BlackElo "2652"]
[Annotator "TA"]
[PlyCount "63"]
[EventDate "2021.09.18"]
[EventType "team-tourn"]
[EventCountry "MKD"]
[SourceTitle "playchess.com"]
[Source "ChessBase"]
[SourceQuality "1"]

{[%evp 9,63,18,14,5,8,2,24,23,29,28,31,0,0,0,0,0,8,0,9,-6,0,0,8,0,13,15,66,68,
214,206,211,213,267,239,243,231,217,22,18,24,10,0,0,0,0,0,0,0,0,0,0,0,9,5,6,7]
} 1. Nf3 Nf6 2. g3 b5 3. Bg2 Bb7 4. O-O e6 5. d3 Be7 6. a4 {A05: Réti Opening:
1 Nf3 Nf6.} a6 7. e4 d6 8. axb5 {White has an edge.} axb5 9. Rxa8 Bxa8 10. Na3
b4 11. Nc4 O-O 12. Bd2 {[#]} d5 $146 ({Predecessor:} 12... Nc6 13. Re1 Re8 14.
h3 Bb7 15. g4 Qa8 16. g5 Nd7 17. h4 Qa2 18. b3 Nde5 19. Ncxe5 dxe5 {1/2-1/2 
(72) Kuzubov,Y (2634)-Nyzhnyk,I (2495) Reykjavik 2010}) 13. exd5 Bxd5 14. Nfe5
Bc5 15. Re1 Qc8 16. Bg5 {Black must now prevent Bxf6.} Nbd7 17. d4 Ba7 ({
Better is} 17... Bxg2 $11 18. dxc5 (18. Kxg2 Nxe5 19. Nxe5 Qa8+ 20. Kg1 Be7 $11
) 18... Nxe5 19. Nxe5 Bh3) 18. Nxd7 $14 {[%mdl 64] [#] Overworked Piece} Nxd7 (
{Black should play} 18... Qxd7 $14 19. Bxf6 gxf6 20. Qg4+ Kh8) 19. Bxd5 $18
exd5 20. Ne3 {Nf5 is the strong threat.} Qa6 21. Be7 Rb8 22. Nxd5 Qc4 23. Ne3 (
23. Nxb4 $1 $18 {Strongly threatening c3.} Rxb4 24. Bxb4 Qxb4 25. Re8+ Nf8 26.
c3) 23... Qxd4 $11 24. Qxd4 Bxd4 25. Rd1 {The position is equal.} Ne5 $1 26.
Bxb4 Rxb4 27. c3 Rxb2 {[#] aiming for ...Bc5.} ({Much weaker is} 27... Nf3+ $6
28. Kg2 $16) 28. cxd4 Nf3+ 29. Kg2 Ng5 30. Rc1 Rb7 31. h4 Ne6 32. d5 {Black
defended with fortune.  Weighted Error Value: White=0.20/Black=0.16} 1/2-1/2

[Event "36th European Club Cup 2021"]
[Site "Struga"]
[Date "2021.09.19"]
[Round "2.28"]
[White "Santos Latasa, Jaime"]
[Black "Hautot, Stephane"]
[Result "1-0"]
[WhiteElo "2627"]
[BlackElo "2329"]
[Annotator "TA"]
[PlyCount "61"]
[EventDate "2021.09.18"]
[EventType "team-tourn"]
[EventCountry "MKD"]
[SourceTitle "playchess.com"]
[Source "ChessBase"]
[SourceQuality "1"]

{[%evp 9,61,35,33,28,17,14,22,-1,17,22,22,25,51,41,58,50,56,62,78,70,117,71,81,
70,157,170,180,156,252,229,450,452,441,450,529,456,428,449,418,443,520,530,518,
535,541,514,512,498,666,650,614,604,693,689]} 1. e4 c5 2. Nf3 d6 3. d4 cxd4 4.
Qxd4 Bd7 5. h3 Nf6 6. Be2 {B53: Sicilian: 2...d6: Lines with Qxd4.} g6 7. O-O
Bg7 8. Qe3 {The position is equal.} O-O 9. c4 Nc6 10. Nc3 Rc8 11. Rb1 a6 12. b3
{[#]} Re8 $146 ({Predecessor:} 12... Be6 13. Bb2 Nd7 14. Nd5 Bxb2 15. Rxb2 Bxd5
16. exd5 Nce5 17. Nd4 Nf6 18. f4 Ned7 {1/2-1/2 (69) Havelka,J (2380)-Sokolov,A
(2362) Czech Republic 2020}) 13. Rd1 Qc7 14. Bb2 Na5 15. Nd5 Nxd5 16. exd5 b5 (
16... e5 $14) 17. Bxg7 $16 Kxg7 18. Rdc1 {[#] Strongly threatening cxb5.} bxc4
(18... b4 $16 19. a3 Qc5) 19. b4 $18 {[%cal Bb3b4,Bb4a5][%mdl 32]} Bb5 $2 (
19... Bf5 {might work better.}) 20. Qc3+ ({Much less strong is} 20. bxa5 Qxa5
21. a4 Bd7 $18) 20... Kg8 21. bxa5 Qc5 22. Rb4 Qxd5 23. a4 Bd7 24. Rxc4 Qe6 {
White is clearly winning.} 25. Qd2 d5 26. Rxc8 Rxc8 27. Rxc8+ Bxc8 28. Bf1 f6
29. Qb4 Kf7 30. Nd4 Qd7 31. Nb3 {Weighted Error Value: White=0.07/Black=0.43}
1-0

[Event "36th European Club Cup 2021"]
[Site "Struga"]
[Date "2021.09.19"]
[Round "2.29"]
[White "Dardha, Arben"]
[Black "Alonso Rosell, Alvar"]
[Result "0-1"]
[WhiteElo "2253"]
[BlackElo "2566"]
[Annotator "ChessBase"]
[PlyCount "74"]
[EventDate "2021.09.18"]
[EventType "team-tourn"]
[EventCountry "MKD"]
[SourceTitle "playchess.com"]
[Source "ChessBase"]
[SourceQuality "1"]
[TimeControl "40/5400+30:1800+30"]

1. e4 {[%emt 0:00:23]} e5 {[%emt 0:00:10]} 2. Nf3 {[%emt 0:00:19]} Nc6 {
[%emt 0:00:05]} 3. Nc3 {[%emt 0:00:09]} Nf6 {[%emt 0:00:15]} 4. d4 {[%emt 0:00:
05]} exd4 {[%emt 0:00:11]} 5. Nxd4 {[%emt 0:00:05]} Bb4 {[%emt 0:00:36]} 6.
Nxc6 {[%emt 0:00:13]} bxc6 {[%emt 0:00:02]} 7. Bd3 {[%emt 0:00:10]} O-O {
[%emt 0:00:26]} 8. O-O {[%emt 0:00:08]} d5 {[%emt 0:00:03]} 9. exd5 {[%emt 0:
00:10]} cxd5 {[%emt 0:04:33]} 10. Bg5 {[%emt 0:01:03]} c6 {[%emt 0:00:09]} 11.
Qf3 {[%emt 0:00:06]} h6 {[%emt 0:00:27]} 12. Bxf6 {[%emt 0:00:19]} Qxf6 {
[%emt 0:00:02]} 13. Qxf6 {[%emt 0:00:09]} gxf6 {[%emt 0:00:02]} 14. Ne2 {
[%emt 0:00:12]} Rb8 {[%emt 0:01:07]} 15. Rab1 {[%emt 0:09:30]} Re8 {[%emt 0:07:
09]} 16. Ng3 {[%emt 0:12:53]} Re5 {[%emt 0:10:53]} 17. Rfd1 {[%emt 0:15:41]}
Be7 {[%emt 0:17:28]} 18. Kf1 {[%emt 0:15:03]} Rb4 {[%emt 0:18:42]} 19. Re1 {
[%emt 0:14:14]} Bc5 {[%emt 0:08:38]} 20. Re2 {[%emt 0:11:11]} Kf8 {[%emt 0:15:
45]} 21. Ke1 {[%emt 0:12:56]} Rg5 {[%emt 0:00:44]} 22. Kd2 {[%emt 0:01:45]} Rh4
{[%emt 0:00:12]} 23. Rbe1 {[%emt 0:00:43]} Bd7 {[%emt 0:01:12]} 24. Rh1 {
[%emt 0:03:25]} f5 {[%emt 0:00:37]} 25. Nf1 {[%emt 0:01:35]} Rxg2 {[%emt 0:00:
19]} 26. Ne3 {[%emt 0:00:27]} Rg5 {[%emt 0:00:07]} 27. f3 {[%emt 0:00:20]} f4 {
[%emt 0:01:17]} 28. Ng2 {[%emt 0:00:40]} Rh3 {[%emt 0:00:28]} 29. Nxf4 {
[%emt 0:00:28]} Rxf3 {[%emt 0:00:07]} 30. h4 {[%emt 0:00:23]} Rg4 {[%emt 0:00:
56]} 31. Ng2 {[%emt 0:00:26]} Rgg3 {[%emt 0:00:50]} 32. Ne1 {[%emt 0:00:35]}
Rf4 {[%emt 0:00:07]} 33. c3 {[%emt 0:00:32]} Bg4 {[%emt 0:00:17]} 34. Reh2 {
[%emt 0:00:40]} Bg1 {[%emt 0:00:19]} 35. Ng2 {[%emt 0:00:30]} Rf2+ {[%emt 0:00:
24]} 36. Ke1 {[%emt 0:00:04]} Rxd3 {[%emt 0:00:12]} 37. Rxg1 {[%emt 0:00:13]}
Re2+ {[%emt 0:00:05]} 0-1

[Event "36th European Club Cup 2021"]
[Site "Struga"]
[Date "2021.09.19"]
[Round "2.30"]
[White "Henderson de La Fuente, Lance"]
[Black "Jeitz, Christian"]
[Result "1-0"]
[WhiteElo "2491"]
[BlackElo "2231"]
[Annotator "ChessBase"]
[PlyCount "57"]
[EventDate "2021.09.18"]
[EventType "team-tourn"]
[EventCountry "MKD"]
[SourceTitle "playchess.com"]
[Source "ChessBase"]
[SourceQuality "1"]
[TimeControl "40/5400+30:1800+30"]

1. d4 {[%emt 0:00:16]} Nf6 {[%emt 0:00:06]} 2. Nf3 {[%emt 0:00:09]} g6 {
[%emt 0:00:09]} 3. Nbd2 {[%emt 0:00:38]} d5 {[%emt 0:00:14]} 4. b4 {[%emt 0:00:
18]} Bg7 {[%emt 0:00:17]} 5. e3 {[%emt 0:00:12]} O-O {[%emt 0:00:12]} 6. Bb2 {
[%emt 0:00:48]} a5 {[%emt 0:01:04]} 7. b5 {[%emt 0:00:10]} c6 {[%emt 0:02:13]}
8. a4 {[%emt 0:04:13]} Nbd7 {[%emt 0:07:29]} 9. c4 {[%emt 0:17:47]} c5 {
[%emt 0:04:07]} 10. Be2 {[%emt 0:00:26]} cxd4 {[%emt 0:02:21]} 11. Bxd4 {
[%emt 0:01:38]} Re8 {[%emt 0:08:52]} 12. O-O {[%emt 0:02:48]} e5 {[%emt 0:07:
10]} 13. Bb2 {[%emt 0:00:17]} e4 {[%emt 0:00:36]} 14. Nd4 {[%emt 0:00:11]} dxc4
{[%emt 0:08:03]} 15. Nxc4 {[%emt 0:00:23]} Nb6 {[%emt 0:01:39]} 16. Qb3 {
[%emt 0:01:27]} Bg4 {[%emt 0:10:18]} 17. Rfd1 {[%emt 0:02:52]} Bxe2 {[%emt 0:
13:58]} 18. Nxe2 {[%emt 0:00:10]} Qc7 {[%emt 0:00:22]} 19. Nd6 {[%emt 0:07:51]}
Re7 {[%emt 0:05:02]} 20. Rac1 {[%emt 0:00:35]} Qb8 {[%emt 0:00:13]} 21. Ng3 {
[%emt 0:05:56]} h5 {[%emt 0:08:45]} 22. Bxf6 {[%emt 0:03:42]} Bxf6 {[%emt 0:00:
11]} 23. Ngxe4 {[%emt 0:00:16]} Be5 {[%emt 0:00:24]} 24. f4 {[%emt 0:01:49]}
Bxd6 {[%emt 0:00:08]} 25. Rxd6 {[%emt 0:00:40]} Rxe4 {[%emt 0:06:41]} 26. Rxg6+
{[%emt 0:00:06]} Kf8 {[%emt 0:00:08]} 27. Rh6 {[%emt 0:02:04]} Qa7 {[%emt 0:01:
51]} 28. Rc7 {[%emt 0:04:26]} Nd5 {[%emt 0:05:47]} 29. b6 {[%emt 0:00:49]} 1-0

[Event "36th European Club Cup 2021"]
[Site "Struga"]
[Date "2021.09.19"]
[Round "2.31"]
[White "Berkes, Ferenc"]
[Black "Markoja, Boris"]
[Result "1-0"]
[WhiteElo "2671"]
[BlackElo "2453"]
[Annotator "TA"]
[PlyCount "85"]
[EventDate "2021.09.18"]
[EventType "team-tourn"]
[EventCountry "MKD"]
[SourceTitle "playchess.com"]
[Source "ChessBase"]
[SourceQuality "1"]

{[%evp 27,85,58,64,54,65,37,41,49,53,35,30,12,37,36,36,38,32,41,89,77,85,86,97,
87,90,50,53,41,107,116,173,176,212,214,223,221,226,214,208,227,195,141,231,141,
181,158,169,172,505,417,404,379,415,397,727,717,837,706,1376,1356]} 1. d4 Nf6
2. c4 c5 3. d5 e6 4. Nc3 exd5 5. cxd5 d6 6. Nf3 g6 7. Nd2 Bg7 8. e4 O-O 9. Be2
Na6 10. O-O Nc7 11. a4 Re8 12. f3 b6 13. Nc4 Ba6 14. Bg5 h6 {14...Qd7 is
vanishing.} 15. Bh4 {A79: Modern Benoni: Classical: 9...Re8 10 Nd2 Na6 11 f3.}
Qd7 16. Kh1 $5 {[%mdl 4] Exploring less charted territory.} Bxc4 17. Bxc4 {
White is slightly better.} a6 18. Qd3 Nh5 19. Rfe1 {[#]} g5 $146 ({Predecessor:
} 19... Bd4 20. Qf1 g5 21. Bf2 Bxf2 22. Qxf2 b5 23. Bf1 Ng7 24. e5 Kh8 25. f4
dxe5 26. fxe5 {1-0 (32) Ehlvest,J (2610)-Shliperman,I (2425) New York 1998})
20. Bf2 Nf4 21. Qc2 b5 22. Bf1 b4 23. Nb1 b3 24. Qc1 Rab8 25. Nd2 f5 26. Ra3
fxe4 27. fxe4 Qf7 {White stays focused until the end.} (27... Rf8 $1 $14) 28.
Bg1 $16 Qg6 (28... Qf6 $16 {might work better.}) 29. Re3 $18 Re7 30. Rexb3 Rf8
31. Rb6 Be5 32. Bxc5 Ne8 {With the idea ...Rc7.} 33. Bg1 (33. Bxa6 Rc7 $14)
33... Nf6 34. Qc4 (34. Qd1 $18) 34... Qh5 (34... N4h5 $16) 35. Nf3 (35. Qxa6
Qd1 $11) 35... Ng6 36. Rab3 Bf4 37. e5 ({Stronger than} 37. Rxa6 g4 $15) (37.
Qxa6 $2 Nxe4 38. g4 Ng3+ 39. Kg2 Qxg4 $19) 37... Ng4 {[#]} (37... Nxe5 {
is more resistant.} 38. Nxe5 (38. Qxa6 $2 Ne4 $19) 38... Bxe5) 38. Rb8 N4xe5
39. Rxf8+ Kxf8 40. Qc8+ Kg7 $2 (40... Re8 41. Qxa6 Nxf3 42. Rxf3 Kg7) 41. Nd4 {
Hoping for Nf5+.White is clearly winning.} Bxh2 42. Rh3 {[%mdl 64] [#] Double
Attack} Qd1 43. Nf5+ {[%mdl 64] Double Attack.  Weighted Error Value: White=0.
17/Black=0.31} 1-0

[Event "36th European Club Cup 2021"]
[Site "Struga"]
[Date "2021.09.19"]
[Round "2.32"]
[White "Subelj, Jan"]
[Black "Banusz, Tamas"]
[Result "1-0"]
[WhiteElo "2415"]
[BlackElo "2641"]
[Annotator "TA"]
[PlyCount "111"]
[EventDate "2021.09.18"]
[EventType "team-tourn"]
[EventCountry "MKD"]
[SourceTitle "playchess.com"]
[Source "ChessBase"]
[SourceQuality "1"]

{[%evp 11,111,20,34,33,37,20,21,37,35,31,36,0,5,0,10,-2,11,-5,-6,-11,-7,-10,-6,
-6,-8,-9,0,-10,23,14,15,10,17,19,51,55,44,9,69,59,67,45,148,148,178,187,190,
161,200,200,200,200,200,200,200,200,200,200,200,200,200,200,200,200,200,200,
122,193,193,0,193,193,193,173,162,92,192,187,150,92,474,318,443,455,481,446,
443,430,402,402,369,335,674,670,661,659,640,620,596,596,1214,575]} 1. e4 e5 2.
Nf3 Nc6 3. Bb5 g6 4. O-O Bg7 5. c3 a6 6. Ba4 d6 7. d4 {C60: Ruy Lopez: Unusual
Black 3rd moves and 3...g6.} exd4 8. Nxd4 Bd7 9. Nxc6 {The position is equal.}
Bxc6 10. Bxc6+ bxc6 {[#]} 11. c4 $146 ({Predecessor:} 11. Re1 Ne7 12. Nd2 O-O
13. Nf3 c5 14. Bf4 Rb8 15. e5 d5 16. b3 Qd7 17. Qd2 {1/2-1/2 (39) Grandelius,N
(2694)-Jumabayev,R (2609) Astana 2019}) 11... Nf6 12. Nc3 O-O 13. Bg5 h6 14.
Bh4 Qb8 15. b3 Qb4 16. Rc1 Nd7 17. Na4 Nc5 18. Nxc5 Qxc5 19. Kh1 f5 20. exf5
Qxf5 21. c5 d5 22. Bg3 Rae8 23. Bxc7 Re6 24. Qd2 Rfe8 ({Better is} 24... d4 $11
) 25. Qa5 $14 Qd3 26. h3 Re2 (26... Bb2 $1 $14) 27. Qb6 $1 $16 R8e6 28. Bd6 Qb5
{Threatening ...Qxb6.} 29. Qd8+ Re8 30. Qd7 a5 31. f4 $1 {And now Be5! would
win.} Qd3 32. Be5 $1 R8xe5 33. fxe5 {White threatens Rf7 and mate.} Qg3 {
[%csl Ge2][%cal Rg3g2]} 34. Qg4 Rxg2 {[%csl Gg2][%cal Rg3h2]} 35. Qxg3 Rxg3 $18
{[%mdl 4096] Endgame KRR-KRB} 36. e6 Rxh3+ 37. Kg2 Rh5 38. Rce1 Rg5+ 39. Kh3 (
39. Kf3 $16 {Hoping for e7.} Kf8 40. Ke3+ Ke8 41. Kd3) 39... Rh5+ 40. Kg2 Rg5+
41. Kf3 $1 Kf8 42. Ke2+ Ke8 43. Kd1 (43. Kd3 $18) 43... Be5 {[#]} (43... Bc3
$16 {was worth a try.}) 44. Rf7 $1 h5 45. Ref1 (45. Ra7 $142) 45... h4 $2 {
[%mdl 8192] This costs Black the game.} (45... Rg4 $16) 46. Rh7 h3 {With the
idea ...h2.} 47. Rff7 {Intending Ra7 and mate.} Rh5 {next ...h2 is good for
Black.} 48. Re7+ Kd8 {Strongly threatening ...h2.} 49. Rd7+ Kc8 {White must
now prevent ...h2.} 50. Rxh5 gxh5 {KR-KB} 51. Rh7 h2 $2 (51... Bd4 52. Rxh5
Bxc5 53. Rxh3 Kc7 54. Rh7+ Kd6) 52. Rxh5 {White is clearly winning.} Kd8 {
intending ...Ke7.} 53. Rh7 Ke8 54. Ke2 Kf8 55. Kf3 Kg8 {[#]} 56. Rh5 {Weighted
Error Value: White=0.11/Black=0.36} (56. e7 $142 $1 {[%mdl 512]}) 1-0

[Event "36th European Club Cup 2021"]
[Site "Struga"]
[Date "2021.09.19"]
[Round "2.33"]
[White "Papp, Gabor"]
[Black "Mikhalchishin, Adrian"]
[Result "1/2-1/2"]
[WhiteElo "2599"]
[BlackElo "2455"]
[Annotator "ChessBase"]
[PlyCount "120"]
[EventDate "2021.09.18"]
[EventType "team-tourn"]
[EventCountry "MKD"]
[SourceTitle "playchess.com"]
[Source "ChessBase"]
[SourceQuality "1"]
[TimeControl "40/5400+30:1800+30"]

1. e4 {[%emt 0:00:04]} e5 {[%emt 0:00:29]} 2. Nf3 {[%emt 0:00:06]} Nc6 {
[%emt 0:00:11]} 3. Bb5 {[%emt 0:00:10]} a6 {[%emt 0:00:08]} 4. Ba4 {[%emt 0:00:
04]} Nf6 {[%emt 1:31:42]} 5. O-O {[%emt 0:00:26]} Be7 {[%emt 0:00:00]} 6. Re1 {
[%emt 0:00:30]} b5 {[%emt 0:00:00]} 7. Bb3 {[%emt 0:00:04]} d6 {[%emt 0:00:00]}
8. c3 {[%emt 0:00:54]} O-O {[%emt 0:00:00]} 9. h3 {[%emt 0:00:39]} Be6 {
[%emt 0:00:00]} 10. d3 {[%emt 0:02:25]} Bxb3 {[%emt 0:00:00]} 11. axb3 {
[%emt 0:00:55]} d5 {[%emt 0:00:00]} 12. Nbd2 {[%emt 0:02:22]} Re8 {[%emt 0:00:
00]} 13. Qc2 {[%emt 0:03:02]} b4 {[%emt 0:00:00]} 14. Nf1 {[%emt 0:13:12]} h6 {
[%emt 0:00:00]} 15. Ng3 {[%emt 0:04:48]} Bf8 {[%emt 0:00:00]} 16. Nf5 {[%emt 0:
14:32]} Qd7 {[%emt 0:06:00]} 17. Be3 {[%emt 0:06:23]} a5 {[%emt 0:00:00]} 18.
Rad1 {[%emt 0:04:35]} Kh7 {[%emt 0:00:00]} 19. Bc1 {[%emt 0:06:04]} g6 {
[%emt 0:00:00]} 20. Ng3 {[%emt 0:07:06]} Bg7 {[%emt 0:00:00]} 21. h4 {[%emt 0:
07:18]} Rab8 {[%emt 0:00:00]} 22. h5 {[%emt 0:00:51]} bxc3 {[%emt 0:00:00]} 23.
bxc3 {[%emt 0:00:52]} Qe6 {[%emt 0:00:00]} 24. hxg6+ {[%emt 0:00:34]} fxg6 {
[%emt 0:00:00]} 25. d4 {[%emt 0:06:01]} exd4 {[%emt 0:00:00]} 26. cxd4 {
[%emt 0:01:16]} dxe4 {[%emt 0:01:54]} 27. d5 {[%emt 0:02:00]} Nb4 {[%emt 0:00:
33]} 28. Qxc7 {[%emt 0:00:06]} Qb6 {[%emt 0:01:29]} 29. Qxb6 {[%emt 0:01:19]}
Rxb6 {[%emt 0:02:34]} 30. d6 {[%emt 0:00:16]} Rd8 {[%emt 0:00:00]} 31. Nxe4 {
[%emt 0:03:32]} Nxe4 {[%emt 0:00:00]} 32. Rxe4 {[%emt 0:00:03]} Rbxd6 {[%emt 0:
00:00]} 33. Rxd6 {[%emt 0:00:02]} Rxd6 {[%emt 0:00:00]} 34. Bd2 {[%emt 0:00:05]
} Rb6 {[%emt 0:00:14]} 35. Nd4 {[%emt 0:03:39]} Bxd4 {[%emt 0:01:12]} 36. Rxd4
{[%emt 0:00:04]} g5 {[%emt 0:00:03]} 37. Rd7+ {[%emt 0:02:15]} Kg6 {[%emt 0:00:
02]} 38. g4 {[%emt 0:00:04]} h5 {[%emt 0:00:41]} 39. Be3 {[%emt 0:01:52]} Rc6 {
[%emt 0:01:51]} 40. gxh5+ {[%emt 0:00:00]} Kxh5 {[%emt 0:00:00]} 41. Rg7 {
[%emt 0:08:45]} Rg6 {[%emt 0:31:57]} 42. Ra7 {[%emt 0:05:43]} Nc2 {[%emt 0:00:
00]} 43. Bc5 {[%emt 0:01:23]} Na1 {[%emt 0:00:00]} 44. Rb7 {[%emt 0:01:57]} Rc6
{[%emt 0:00:00]} 45. Be3 {[%emt 0:05:23]} Rc3 {[%emt 0:00:00]} 46. Rb5 {
[%emt 0:00:04]} Nxb3 {[%emt 0:00:00]} 47. Rxg5+ {[%emt 0:00:07]} Kh4 {[%emt 0:
00:00]} 48. Rb5 {[%emt 0:00:22]} Kh3 {[%emt 0:00:00]} 49. Kf1 {[%emt 0:02:26]}
Rd3 {[%emt 0:00:00]} 50. Ke2 {[%emt 0:10:18]} Rc3 {[%emt 0:00:00]} 51. Kf1 {
[%emt 0:01:45]} Rd3 {[%emt 0:00:00]} 52. Ke2 {[%emt 0:00:04]} Rc3 {[%emt 0:00:
00]} 53. Rd5 {[%emt 0:01:36]} a4 {[%emt 0:00:00]} 54. Rh5+ {[%emt 0:03:49]} Kg4
{[%emt 0:00:03]} 55. Rg5+ {[%emt 0:00:04]} Kh4 {[%emt 0:00:42]} 56. Rb5 {
[%emt 0:01:18]} a3 {[%emt 0:01:53]} 57. Rb4+ {[%emt 0:00:56]} Kh5 {[%emt 0:02:
32]} 58. Ra4 {[%emt 0:00:02]} a2 {[%emt 0:00:25]} 59. Rxa2 {[%emt 0:00:09]}
Nc1+ {[%emt 0:00:01]} 60. Bxc1 {[%emt 0:00:06]} Rxc1 {[%emt 0:00:01]} 1/2-1/2

[Event "36th European Club Cup 2021"]
[Site "Struga"]
[Date "2021.09.19"]
[Round "2.34"]
[White "Skuhala, Jernej"]
[Black "Thybo, Jesper Sondergaard"]
[Result "0-1"]
[WhiteElo "2351"]
[BlackElo "2587"]
[Annotator "ChessBase"]
[PlyCount "92"]
[EventDate "2021.09.18"]
[EventType "team-tourn"]
[EventCountry "MKD"]
[SourceTitle "playchess.com"]
[Source "ChessBase"]
[SourceQuality "1"]
[TimeControl "40/5400+30:1800+30"]

1. e4 {[%emt 0:00:03]} e5 {[%emt 0:00:11]} 2. Nf3 {[%emt 0:00:16]} Nc6 {
[%emt 0:00:22]} 3. Bb5 {[%emt 0:00:15]} g6 {[%emt 0:00:17]} 4. Nc3 {[%emt 0:02:
58]} Bg7 {[%emt 0:01:23]} 5. d3 {[%emt 0:02:28]} Nge7 {[%emt 0:03:00]} 6. Bg5 {
[%emt 0:05:20]} h6 {[%emt 0:04:55]} 7. Bh4 {[%emt 0:07:29]} O-O {[%emt 0:10:29]
} 8. g4 {[%emt 0:02:21]} d5 {[%emt 0:15:51]} 9. Bxc6 {[%emt 0:10:14]} bxc6 {
[%emt 0:01:09]} 10. h3 {[%emt 0:00:26]} Be6 {[%emt 0:08:11]} 11. Qd2 {[%emt 0:
02:32]} Qd6 {[%emt 0:01:49]} 12. O-O-O {[%emt 0:02:59]} d4 {[%emt 0:08:53]} 13.
Ne2 {[%emt 0:00:09]} Rfb8 {[%emt 0:05:57]} 14. Kb1 {[%emt 0:25:21]} Nd5 {
[%emt 0:07:43]} 15. c4 {[%emt 0:11:51]} Nb6 {[%emt 0:06:11]} 16. Qc2 {[%emt 0:
03:31]} Qb4 {[%emt 0:01:14]} 17. Nd2 {[%emt 0:02:24]} g5 {[%emt 0:02:57]} 18.
Bg3 {[%emt 0:00:23]} Rb7 {[%emt 0:01:08]} 19. Nb3 {[%emt 0:02:57]} a5 {[%emt 0:
04:50]} 20. Qd2 {[%emt 0:01:25]} Qf8 {[%emt 0:00:51]} 21. Nxa5 {[%emt 0:05:30]}
Rba7 {[%emt 0:00:19]} 22. Nb3 {[%emt 0:00:06]} Rxa2 {[%emt 0:00:41]} 23. Nec1 {
[%emt 0:00:09]} R2a4 {[%emt 0:02:02]} 24. h4 {[%emt 0:00:24]} f6 {[%emt 0:00:
43]} 25. f3 {[%emt 0:00:37]} Rb8 {[%emt 0:03:50]} 26. hxg5 {[%emt 0:00:39]}
fxg5 {[%emt 0:00:23]} 27. Qh2 {[%emt 0:00:41]} Nd7 {[%emt 0:00:33]} 28. Rdf1 {
[%emt 0:04:43]} Rab4 {[%emt 0:01:12]} 29. Qc2 {[%emt 0:00:23]} R8b7 {[%emt 0:
01:08]} 30. Be1 {[%emt 0:01:05]} R4b6 {[%emt 0:00:08]} 31. Rh2 {[%emt 0:02:31]}
Qa8 {[%emt 0:03:15]} 32. Na5 {[%emt 0:00:43]} Ra7 {[%emt 0:00:25]} 33. Ncb3 {
[%emt 0:00:02]} Rba6 {[%emt 0:02:46]} 34. Rfh1 {[%emt 0:00:09]} Qf8 {[%emt 0:
00:37]} 35. Rh3 {[%emt 0:00:47]} Qf6 {[%emt 0:00:49]} 36. Qh2 {[%emt 0:00:52]}
Bf7 {[%emt 0:00:34]} 37. Bd2 {[%emt 0:02:30]} c5 {[%emt 0:00:25]} 38. Qe2 {
[%emt 0:01:11]} Nf8 {[%emt 0:00:30]} 39. Nxc5 {[%emt 0:00:32]} Rxa5 {[%emt 0:
00:14]} 40. Bxa5 {[%emt 0:00:00]} Rxa5 {[%emt 0:00:00]} 41. Nb3 {[%emt 0:05:45]
} Ra8 {[%emt 0:01:53]} 42. Kc2 {[%emt 0:05:45]} Ne6 {[%emt 0:00:41]} 43. Qh2 {
[%emt 0:00:37]} Kh7 {[%emt 0:02:30]} 44. Ra1 {[%emt 0:00:13]} Rxa1 {[%emt 0:01:
39]} 45. Nxa1 {[%emt 0:00:03]} Nf4 {[%emt 0:00:09]} 46. Rg3 {[%emt 0:00:03]}
Qa6 {[%emt 0:00:18]} 0-1